000 01160nam0a22003371 4500
001 v19\rc\1887555
005 20251118180350.0
035 _a(NLR Aleph) 004975970
090 _a6134619
_c6134619
100 _a20080221d1910 u y0rusy50 ca
101 1 _arus
_cfre
102 _aRU
105 _ay z |||||
200 1 _aМолодость барышни Дакс
_eПер. с фр.
_fКлод Фаррер
210 _aСанкт-Петербург
_cтип. Альтшулера
_d1910
215 _a178 с.
_d21
300 _aПродолж.: роман "Подружки"
300 _aЗагл. ориг.: M-lle Dax jeune fille
300 _aПер. также под загл.: Барышня Дакс
451 0 _12001#$aБарышня Дакс
_tБарышня Дакс
454 0 _12001#$aM-lle Dax jeune fille
_tM-lle Dax jeune fille
700 1 _aФаррер
_bК.
_f1876-1957
_gКлод
801 0 _aRU
_bNLR
_gpsbo
801 0 _aRU
_bRuMoRGB
_2psbo
801 1 _aRU
_bProSoft-M
_2rusmarc
852 _aNLR
_j38.77.8.189
852 _aNLR
_j130/7891
899 _aRuMoRGB
_jU 72/135
899 _aRuMoRGB
_jH 5/164
942 _cBOOK
980 _aNB